000 00428nam a22001577a 4500
003 OSt
005 20211005084940.0
008 211005b |||||||| |||| 00| 0 eng d
020 _a8170229871
040 _aHU
_cDDC
082 _a338.10954/MUK
245 _aPerspectives of the silent majority: Air pollution, live hood and food security
260 _aIndia
_bAshgate
_c2002
300 _axxxiii,440p,19cm
942 _2ddc
_cBOOKS
_n0
999 _c9222
_d9222